| 000 | 00823nam a2200265Ia 4500 | ||
|---|---|---|---|
| 003 | OSt | ||
| 005 | 20220918170248.0 | ||
| 006 | a|||||r|||| 00| 0 | ||
| 007 | ta | ||
| 008 | 220917b |||||||| |||| 00| 0 eng d | ||
| 020 |
_a9780070403123 (pbk) _c475 |
||
| 024 | _a250,303 | ||
| 037 |
_b190, 11/09/2010, Eastern Book Linkers _cTextual |
||
| 040 |
_aARTS _cARTS _beng |
||
| 041 |
_2eng _aeng |
||
| 082 | _aD65,8(B)92, P1 | ||
| 100 |
_aKishore Swapna _927931 |
||
| 245 | 0 | _aSoftware requirements and estimation | |
| 260 |
_aNew Delhi _bTata McGraw Hill India _c2001 |
||
| 300 |
_axiv,392p. _ccm. |
||
| 650 |
_aENGINEERING _92968 |
||
| 700 |
_a Naik Rajesh _927932 |
||
| 942 |
_hD65,8(B)92, P1 _cTEXL _2CC |
||
| 999 |
_c133283 _d133283 |
||